| 000 | 01679nam a22002777a 4500 | ||
|---|---|---|---|
| 003 | AR-RoUNCS | ||
| 005 | 20260701145816.0 | ||
| 008 | 231009s2010 ag |||||r|||| 00| 1 spa d | ||
| 020 | _a9789871565153 | ||
| 040 |
_cAR-RoUNCS _bspa _dAR-RoUNCS |
||
| 041 | _aspa | ||
| 245 | 0 | 0 |
_aCuentos que parecen ciertos / _cEdgar Allan Poe ... [et al.]. |
| 260 |
_aCiudad Autónoma de Buenos Aires : _bLetra Impresa, _cc2010. |
||
| 300 |
_a102 p. : _bil. ; _c19 cm. |
||
| 490 | 0 | _aLa puerta secreta | |
| 505 | 0 | _aLa puerta secreta -- La llave maestra -- La ventana abierta / Saki -- El corazón delator / Edgar Allan Poe -- El viejo guardarropa de roble / Charles Dickens -- Nuestro primer cigarro / Horacio Quiroga -- Una historia desgraciada / Antón Chéjov -- Los secretos de cuentos que parecen ciertos -- Nuevas puertas para abrir.- | |
| 520 | _aQuien no se preguntó alguna vez al cerrar un libro: "¿Acaso esto paso realmente?". ¿Y a quién no le hubiera gustado ser protagonista de alguna historia de novela? Aunque sabemos que las personas reales no somos personajes y que la vida real no es un cuento, hay historias de ficción que se parecen mucho a lo vivido por algunas personas. Y hay personajes que parecen personas reales, o viceversa. En estos cuentos descubrirán qué "trampas" hace la literatura para parecerse a la realidad. | ||
| 650 | 7 |
_2embne _aCuento |
|
| 655 | 7 |
_2embne _aAntologías |
|
| 700 | 0 |
_aSaki _d(1870-1916), _eautor |
|
| 700 | 1 |
_aPoe, Edgar Alan, _d(1809-1849) _eautor |
|
| 700 | 1 |
_aDickens, Charles, _d(1812-1870) _eautor |
|
| 700 | 1 |
_aQuiroga, Horacio, _d(1878-1937) _eautor |
|
| 700 | 1 |
_aChéjov, Antón, _d(1860-1904) _eautor |
|
| 942 |
_2udc _cOG _n0 |
||
| 999 |
_c105 _d105 |
||